ბათუმის შოთა რუსთაველის სახელმწიფო უნივერსიტეტის ბიბლიოთეკა

პრომეთე / (ბიბ.ჩანაწერი № 55979)

000 -ლიდერი
ფიქსირებული სიგრძის საკონტროლო ველი 01172nam a2200241Ia 4500
001 - საკონტროლო ნომერი
საკონტროლო ველი 23078
003 - საკონტროლო ნომრის იდენტიფიკატორი
საკონტროლო ველი GE_BSU
005 - ბოლო ოპერაციის თარიღი და დრო
საკონტროლო ველი 20230529160930.0
008 - ფიქსირებული სიგრძის მონაცემთა ელემენტები - ზოგადი ინფორმაცია
ფიქსირებული სიგრძის საკონტროლო ველი 181216s1990ge xx |||||||||||||| ||geo||
040 ## - კატალოგიზაციის წყარო
Transcribing agency GE_BSU
041 ## - ენის კოდი
Language code of text/sound track or separate title geo
080 ## - უნივერსალური ათობითი კლასიფიკაციის ინდექსი
Universal Decimal Classification number 821.14'01-32 ლ-92
100 ## - მთავარი ჩანაწერი - პიროვნების სახელი
Personal name ლუკიანე
9 (RLIN) 18274
245 ## - ცნობა სათაურის შესახებ
Title პრომეთე /
Statement of responsibility, etc ლუკიანე, ძვ. ბერძნ. თარგმნა, შესავალი, შენიშვნები და საძიებელი დაურთო მარი ფიჩხაძემ ; რედ.: აკაკი ურუშაძე
264 ## - წარმოების, გამოცემის, დისტრიბუციის და სხვა ცნობები
გამოცემის, წარმოების, დისტრიბუციის... ადგილი თბილისი:
გამოცემის, წარმოების, დისტრიბუციის... სახელწოდება უნ-ტის გამ-ბა,
გამოცემის, წარმოების, დისტრიბუციის... თარიღი 1990.
300 ## - ფიზიკური აღწერა
Extent 80 გვ. ;
Other physical details 20 სმ.
653 ## - INDEX TERM--UNCONTROLLED
Uncontrolled term პრომეთე
653 ## - INDEX TERM--UNCONTROLLED
Uncontrolled term ძველი ბერძნული ლიტერატურა
700 ## - ADDED ENTRY--PERSONAL NAME
Personal name ფიჩხაძე, მარი
Relator term მთარგმნელი
9 (RLIN) 17116
700 ## - ADDED ENTRY--PERSONAL NAME
Personal name ურუშაძე, აკაკი
Relator term რედაქტორი
9 (RLIN) 18275
710 ## - ADDED ENTRY--CORPORATE NAME
Corporate name or jurisdiction name as entry element თსუ-ს ბერძნ.- ლათინ. ბიბლიოთეკა
9 (RLIN) 18276
942 ## - ADDED ENTRY ELEMENTS (KOHA)
Koha item type წიგნი
Source of classification or shelving scheme
ეგზემპლარები
ჩამოწერის სტატუსი დაკარგული ეგზემპლარის სტატუსი კლასიფიკაციის წყარო ან თაროზე გაწყობის სქემა დაზიანების სტატუსი არ გაიცემა მუდმივი მდებარეობა (დაცვის ადგილი) ამჟამინდელი ადგილსამყოფელი თაროზე განთავსების ადგილი შეძენის თარიღი ღირებულება, შესყიდვის ნორმალური ფასი სრული შენახვის შიფრი შტრიხკოდი ბოლო ოპერაციის თარიღი ეგზემპლარის მიმდევრობითი ნომერი (კეტერი?) ფასის ძალაში შესვლის თარიღი ეგზემპლარის სახეობა საჯარო შენიშვნა
          ბათუმის შოთა რუსთაველის სახელმწიფო უნივერსიტეტის მთავარი ბიბლიოთეკა ბათუმის შოთა რუსთაველის სახელმწიფო უნივერსიტეტის მთავარი ბიბლიოთეკა წიგნსაცავი 2018-12-17 0.00 821.14'01-32 ლ-92 58507 2018-12-17 58507 2018-12-17 წიგნი 0,30თ.
          ბათუმის შოთა რუსთაველის სახელმწიფო უნივერსიტეტის მთავარი ბიბლიოთეკა ბათუმის შოთა რუსთაველის სახელმწიფო უნივერსიტეტის მთავარი ბიბლიოთეკა წიგნსაცავი 2023-05-29 3.00 821.14'01-32 ლ-92 64509 2023-05-29 64509 2023-05-29 წიგნი 3.00